000 00406 a2200181 4500
001 110369
020 _a9780761470014
041 _apor
090 _aPL 510 PRI
250 _a. ed.
300 _a160 p
697 _aMath
856 _u000019/00001982.jpg
040 _aBR-BrIDEA
_cBR-BrIDEA
245 1 0 _aPrimary mathematics
_bworkbook : 5B.
260 _a[S.l.]
_bSingaporeMath
_c2008
942 _cBK
999 _c110369
_d110369